000 01137nam a2200421 a 4500
001 22344
003 VRT
005 20260326144310.0
008 111214s2011 xo d 000 f slo d
020 _a9788022015875 (viaz.)
035 _aa000452939
039 9 _a201203020902
_bmuro
_c201202141011
_dpechova
_c201112141357
_dedita
040 _aPPPK
_bslo
_cUKB
_dSNK
_eAACR2
041 0 _aslo
044 _axo
_cSK
072 7 _a821.162.4-3
_xSlovenská próza
_2konspekt
080 _a821.162.4-31
_22001
080 _a(0:82-31)
_22001
100 1 _aŠtrauchová, Beata
245 1 0 _aTiene vášne
_cBeata Štrauchová
260 _aBratislava
_bSlovenský spisovateľ
_c2011
300 _a215, [1] s.
653 _a821.162.4-31
653 _a(0:82-31)
655 7 _aslovenské romány
_2UKBPH
910 _apppk
910 _apokpoh
910 _asvkbb
910 _attkjf
910 _abjkdg
910 _asnk
910 _avthk
910 _ahevk
910 _aukb
942 _2ddc
_cKLDO
_n0
949 _61800522991
_aSL.D.84644
_bPV.13217-2011
949 _61800522992
_aSK.D.52627
_bPV.13218-2011
_s6707:20120308
999 _c22344
_d22344